Inside Washington Government Resources for International Business, Sixth Edition
Ebook from IG Library ; This sixth edition of a national bestseller is organized the way businesspeople think--by product rather than by agency. It is a comprehensive, yet user-friendly, resource for navigating the products and services of various U.S. and foreign government agencies as well as mult...
Gorde:
| Egile nagusia: | |
|---|---|
| Beste egile batzuk: | |
| Formatua: | Liburua |
| Hizkuntza: | Undetermined |
| Argitaratua: |
Business Expert Press
2012
|
| Gaiak: | |
| Sarrera elektronikoa: | http://lrc.tdmu.edu.vn/opac/search/detail.asp?aID=2&ID=38295 |
| Etiketak: |
Etiketa erantsi
Etiketarik gabe, Izan zaitez lehena erregistro honi etiketa jartzen!
|
| Thư viện lưu trữ: | Trung tâm Học liệu Trường Đại học Thủ Dầu Một |
|---|
| LEADER | 01095nam a2200205Ia 4500 | ||
|---|---|---|---|
| 001 | TDMU_38295 | ||
| 008 | 210410s9999 xx 000 0 und d | ||
| 082 | |a 639.8 | ||
| 100 | |a Delphos, William A | ||
| 245 | 0 | |a Inside Washington | |
| 245 | 0 | |b Government Resources for International Business, Sixth Edition | |
| 245 | 0 | |c William A. Delphos | |
| 260 | |b Business Expert Press | ||
| 260 | |c 2012 | ||
| 300 | |a 326 Pages | ||
| 520 | |a Ebook from IG Library ; This sixth edition of a national bestseller is organized the way businesspeople think--by product rather than by agency. It is a comprehensive, yet user-friendly, resource for navigating the products and services of various U.S. and foreign government agencies as well as multilateral organizations including the International Finance Corporation and Inter-American Development Bank. | ||
| 650 | |a International Business; Kinh doanh quốc tế | ||
| 700 | |a Chaffe-Stengel, Priscilla M | ||
| 856 | |u http://lrc.tdmu.edu.vn/opac/search/detail.asp?aID=2&ID=38295 | ||
| 980 | |a Trung tâm Học liệu Trường Đại học Thủ Dầu Một | ||